000 01211nam0a22003011 4500
001 v19\rc\1320439
005 20260406094645.0
035 _a(NLR Aleph) 004559235
090 _a2251005
_c2251005
100 _a20060512d1874 |||y0rusy50 ca
101 1 _arus
_cfre
102 _aRU
105 _ay z |||a|
200 1 _aКрестная маменька
_eКомедия-водевиль в 1 д. Скриба, Локруа и Шабо
_fС фр. пер. Дмитрий Ленский
210 _aСанкт-Петербург
_aМосква
_cМ.О. Вольф
_dценз. 1874
215 _a173-216 с.
_d23
225 1 _aРусский театр
700 1 _aСкриб
_bЭ.
_f1791-1861
_gЭжен
701 0 _7ca
_8rus
_aЛокруа
_cпсевдоним
_f1803-1891
_9219764
_3RU\NLR\AUTH\770219820
701 1 _9z01790
_aШабо де Буэн
_bЖ.
_f1805-1857
_gЖюль
702 1 _4730
_8rus
_7ca
_aЛенский
_bД. Т.
_f1805-1860
_gДмитрий Тимофеевич
_3RU\NLR\AUTH\7769693
_952621
790 1 _9z01701
_aБуэн
_bЖ.
_f1805-1857
_gЖюль
801 0 _aRU
_bNLR
_gpsbo
801 1 _aRU
_bProSoft-M
_2rusmarc
852 _aNLR
_j18.131.4.94
942 _cBOOK
980 _aNB